00503nam a2200133Ia 4500008004100000100001900041245004200060260004300102300000800145650001800153942001200171999001500183952017100198191201s2017 xx 000 0 und d aKEVAL, Krishan 0aMaithilisharan Gupt ki Shabd Sondarya aN. DelhibHaryana Granth Academyc2017 a184 aGeneral Books 2ddccBK c6714d6714 00102ddc40708GENERALaPIETbPIETd2017-09-19eHaryana Granth Academyg220.00k4320l1o891.431 KEMp29944r2021-09-22 00:00:00s2021-09-16v154.00w2017-09-16yBK